1850 1659 1847 1258 1912 1790 1778 1628 1993 1129 1498 1691 1362 1660 1536 1009 1078 1496 1121 1924 1163 1325 1994 1394 1454 1857 1828 1720 1379 1965 1375 1301 1643 1378 1551 1797 1014 1656 1075 1995 1575 1483 1398 1593 1583 1694 1532 1412 1793 1939 1091 1057 1858 1115 1764 1464 1961 1741 1150 1137 1892 1693 1827 1599 1895 1963 1273 1093 1733 1065 1318 1836 1476 1638 1911 1359 1607 1226 1156 1052 1363 1038 1034 1768 1340 1264 1361 1938 1675 1463 1350 1388 1874 1391 1440 1081 1457 1438 1251 BCNSPRNW ULIB Ver.6.0+V

เปลี่ยนเป็นภาษาไทย

Change to English
 แสดงรายละเอียดบรรณานุกรม
  กลับหน้าหลัก

Brief Record : Get Marc (ISO 2709) : E-mail record : QR code < ปิดหน้าต่าง
LEADER : 00000nam 2200000uu 4500
001    13399128987
003     ULIB
008    020711s2553 th a 000 0 tha d
060    ^aวจ.^bWY100^cป344ป
100    ^aประภาศรี ทุ่งมีผล, กิ่งแก้ว แสงสว่าง, วันดี แย้มจันทร์ฉาย และรวีวรรณ ยศวัฒน.
245    ^aประสิทธิภาพการสอนของอาจารย์พยาบาล ตามการรับรู้ของนักศึกษาพยาบาล วิทยาลัยพยาบาลบรมราชชนนี สวรรค์ประชารักษ์ นครสวรรค์ = Efficiency of teaching in the perception of nursing students, Boromarajonani College of Nursing Sawanpracharak Nakhonsawan.
260     ^bม.ป.ท.,^c2553
300    ^a143 หน้า;^c28 ซม.
650    ^aพยาบาล-การสอน
945    ^p0^l0^i011241
999    ^aประนอม เกษจรัล
รายการนี้ยังไม่มีแท็ก
คุณยังไม่ได้ล็อกอิน คุณสามารถมีกิจกรรมร่วมกับเว็บไซต์ได้ แต่ต้องล็อกอินก่อน ::
  ล็อกอิน

รายการสื่อสารสนเทศ

ลำดับที่ ประเภท เลขเรียก/บาร์โค้ด สถานที่ สถานะ
1. Book การพยาบาล
หนังสือสำรอง
สถานะ=หนังสือสำรอง
วจ. WY100 ป344ป ฉ.1 
  Barcode: 011241
ห้องสมุดวิทยาเขตสวรรค์ประชารักษ์
►หนังสือทั่วไป
บนชั้น

BibComment


ยังไม่เคยถูกคอมเมนท์

คอมเมนท์ทรัพยากรรายการนี้
  คอมเมนท์: ประสิทธิภาพการสอ..


 Copyright 2026. Bcnsprnw @Library